[Event "MetroWest CC-10"]
[Site "Natick"]
[Date "1998.10.13"]
[Round "2"]
[White "Curdo, John"]
[Black "Huntington, Robert"]
[Result "1-0"]
[WhiteElo "2295"]
[BlackElo "1985"]
[PlyCount "51"]
[EventDate "1998.10.??"]
[EventType "swiss"]
[EventRounds "4"]
[EventCountry "USA"]
[SourceTitle "EXT 2005"]
[Source "ChessBase"]
[SourceDate "2004.11.15"]
[SourceVersion "1"]
[SourceVersionDate "2004.11.15"]
[SourceQuality "1"]

1. f4 e5 2. fxe5 d6 3. Nf3 g5 4. d4 g4 5. Bg5 Qd7 6. Nfd2 dxe5 7. dxe5 Bg7 8. Nc3 Bxe5 9. e3 f6 10. Bh4 Nc6 11. Bb5 Bxc3 12. bxc3 Qd5 13. Qe2 Bd7 14. 0-0 0-0-0 15. Bc4 Qh5 16. Bg3 Nge7 17. Ne4 Nf5 18. Bf4 Qg6 19. Rab1 Rde8 20. Nc5 g3 21. h3 Nfd4 22. cxd4 Nxd4 23. Qd2 Bxh3 24. gxh3 Qh5 25. Qxd4 Rd8 26. Be6+ 1-0

[Event "Framingham CC-ch"]
[Site "Framingham"]
[Date "1987.04.28"]
[Round "3"]
[White "Huntington, Robert"]
[Black "Koning, Menno"]
[Result "1-0"]
[WhiteElo "1991"]
[BlackElo "1666"]
[PlyCount "55"]
[EventDate "1987.04.14"]
[EventType "swiss"]
[EventRounds "6"]
[EventCountry "USA"]
[SourceTitle "EXT 2023"]
[Source "ChessBase"]
[SourceDate "2022.10.05"]
[SourceVersion "1"]
[SourceVersionDate "2022.10.05"]
[SourceQuality "1"]

1. e4 e5 2. Nf3 Nc6 3. Nc3 Bc5 4. Bb5 d6 5. d4 exd4 6. Nxd4 Bd7 7. Nb3 Bb6 8. 0-0 Ne5 9. Be2 Bc6 10. Nd5 Ne7 11. Kh1 Bxd5 12. exd5 0-0 13. f4 Nd7 14. f5 Nf6 15. c4 Ne4 16. Qe1 Re8 17. Bd3 Nc5 18. Nxc5 Bxc5 19. Qg3 Bd4 20. Bg5 f6 21. Bh6 g6 22. fxg6 Kh8 23. gxh7 f5 24. Bg5 Be5 25. Qh4 Bxb2 26. Rad1 Ng6 27. Bxd8 Nxh4 28. Bxh4 1-0